000 00577nam a2200169Ia 4500
008 090711s9999 xx 000 0 und d
082 _b50454
100 _aखेडलेकर अरविंद
245 _aअनाम नगरी गुलाम राजा
260 _c1983
300 _a96
600 _aखेडलेकर अरविंद
630 _aअनाम नगरी गुलाम राजा
700 _aखेडलेकर अरविंद
730 _aअनाम नगरी गुलाम राजा
942 _cBOOK
999 _c322687
_d322687